| 000 | 00412nam a22001577a 4500 | ||
|---|---|---|---|
| 005 | 20240305110617.0 | ||
| 008 | 240305b ||||| |||| 00| 0 eng d | ||
| 040 |
_aSSBUL _cSSBUL |
||
| 082 |
_223 _a220 _bHo |
||
| 245 | 0 | 4 | _aThe Holy Bible. |
| 260 |
_bThe Londervan Publishing house, _c1969. |
||
| 300 |
_a928 pages ; _c20 cm. |
||
| 500 | _aS-SAT: Prof. Sai Aung Tun | ||
| 650 |
_aBile _937527 |
||
| 942 |
_2ddc _cBK1 |
||
| 999 |
_c32327 _d32327 |
||